[Event "Rottach Egern Seniors Cup 12th"]
[Site "Rottach Egern"]
[Date "2024.04.09"]
[Round "4"]
[White "Polster, Wolfgang"]
[Black "Baumert, Heiko"]
[Result "1-0"]
[WhiteElo "2159"]
[BlackElo "1825"]
[PlyCount "43"]
[EventDate "2024.04.06"]
[EventType "swiss"]
[EventRounds "9"]
[EventCountry "GER"]
[SourceTitle "CB16_2024"]
[SourceDate "2024.04.17"]
[SourceVersion "1"]
[SourceVersionDate "2024.04.17"]
[SourceQuality "1"]

1. c4 e5 2. g3 Nc6 3. Bg2 g6 4. Nc3 Bg7 5. Rb1 d6 6. b4 Rb8 7. b5 Nce7 8. Qa4 b6 9. d3 Bb7 10. Nf3 d5 11. cxd5 Nxd5 12. Nxd5 Bxd5 13. 0-0 Ne7 14. Bb2 Qd6 15. e4 Bb7 16. Rfd1 0-0 17. d4 Bxe4 18. dxe5 Qe6 19. Qxe4 Qxa2 20. Qc2 Nd5 21. Ra1 Nb4 22. Qc3 1-0

[Event "Rheinland Pfalz Seniors op"]
[Site "Altenkirchen"]
[Date "2023.09.09"]
[Round "5"]
[White "Polster, Wolfgang"]
[Black "Kolthoff, Siegmund"]
[Result "1/2-1/2"]
[WhiteElo "2178"]
[BlackElo "2048"]
[PlyCount "27"]
[EventDate "2023.09.05"]
[EventType "swiss"]
[EventRounds "9"]
[EventCountry "GER"]
[SourceTitle "EXT 2024"]
[Source "ChessBase"]
[SourceDate "2023.10.10"]
[SourceVersion "1"]
[SourceVersionDate "2023.10.10"]
[SourceQuality "1"]

1. d4 d5 2. Nc3 Nf6 3. Bf4 c5 4. e3 cxd4 5. exd4 a6 6. Nf3 Bg4 7. Be2 Bxf3 8. Bxf3 Nc6 9. 0-0 e6 10. Re1 Bd6 11. Ne2 0-0 12. c3 Rc8 13. Bg5 h6 14. Bxf6 1/2-1/2

[Event "Rheinland Pfalz Seniors op"]
[Site "Altenkirchen"]
[Date "2023.09.07"]
[Round "3"]
[White "Polster, Wolfgang"]
[Black "Siebenhaar, Erich"]
[Result "1/2-1/2"]
[WhiteElo "2178"]
[BlackElo "2056"]
[PlyCount "20"]
[EventDate "2023.09.05"]
[EventType "swiss"]
[EventRounds "9"]
[EventCountry "GER"]
[SourceTitle "EXT 2024"]
[Source "ChessBase"]
[SourceDate "2023.10.10"]
[SourceVersion "1"]
[SourceVersionDate "2023.10.10"]
[SourceQuality "1"]

1. e4 Nf6 2. e5 Nd5 3. d4 d6 4. Bc4 Nb6 5. Bb3 dxe5 6. Qh5 e6 7. dxe5 Nc6 8. Nf3 Nd4 9. Nxd4 Qxd4 10. Nd2 Nd7 1/2-1/2

[Event "Rheinland Pfalz Seniors op"]
[Site "Altenkirchen"]
[Date "2023.09.06"]
[Round "2"]
[White "Weber, Thomas"]
[Black "Polster, Wolfgang"]
[Result "0-1"]
[WhiteElo "1974"]
[BlackElo "2178"]
[PlyCount "96"]
[EventDate "2023.09.05"]
[EventType "swiss"]
[EventRounds "9"]
[EventCountry "GER"]
[SourceTitle "EXT 2024"]
[Source "ChessBase"]
[SourceDate "2023.10.10"]
[SourceVersion "1"]
[SourceVersionDate "2023.10.10"]
[SourceQuality "1"]

1. d4 c6 2. Nf3 d5 3. c3 Nf6 4. Bf4 Qb6 5. Qb3 Nbd7 6. Nbd2 Nh5 7. e3 Nxf4 8. exf4 Qc7 9. g3 Nb6 10. Qc2 g6 11. Bd3 Bg7 12. h3 0-0 13. Nb3 Nc4 14. Kf1 f6 15. Kg2 e5 16. fxe5 fxe5 17. dxe5 Nxe5 18. Nxe5 Qxe5 19. Rae1 Qf6 20. f4 b6 21. Rhf1 Bd7 22. Qf2 Rae8 23. Rxe8 Rxe8 24. Re1 c5 25. Rxe8+ Bxe8 26. Nd2 Bc6 27. Kh2 g5 28. f5 g4 29. h4 h5 30. Qf4 Bh6 31. Qf2 Qe5 32. Nf1 Kf7 33. f6 Qxf6 34. Qxf6+ Kxf6 35. Kg1 Bc1 36. b3 Bb2 37. c4 Bd4+ 38. Kh2 dxc4 39. Bxc4 b5 40. Bd3 a6 41. Nd2 Bd5 42. a4 Be3 43. Nf1 Bh6 44. axb5 axb5 45. Bc2 Bf7 46. Kg2 Ke5 47. Bd1 Kd4 48. Be2 b4 0-1

[Event "Rottach Egern Seniors Cup 11th"]
[Site "Rottach Egern"]
[Date "2023.04.17"]
[Round "3"]
[White "Schmitz, Tim"]
[Black "Polster, Wolfgang"]
[Result "0-1"]
[WhiteElo "1860"]
[BlackElo "2228"]
[PlyCount "88"]
[EventDate "2023.04.15"]
[EventType "swiss"]
[EventRounds "9"]
[EventCountry "GER"]
[SourceTitle "EXT 2024"]
[Source "ChessBase"]
[SourceDate "2023.10.10"]
[SourceVersion "1"]
[SourceVersionDate "2023.10.10"]
[SourceQuality "1"]

1. e4 c5 2. c3 Nf6 3. e5 Nd5 4. d4 cxd4 5. Nf3 Nc6 6. cxd4 d6 7. Bc4 Nb6 8. Bb3 d5 9. Nh4 e6 10. Nf3 Be7 11. 0-0 Bd7 12. Nc3 a5 13. Qe2 a4 14. Bc2 Nb4 15. Bb1 Nc4 16. a3 Na6 17. Bd3 Rc8 18. Be3 b5 19. Rfc1 0-0 20. h3 b4 21. axb4 Nxb4 22. Bb1 Na5 23. Nd2 Qb6 24. Qh5 g6 25. Qg4 Nb3 26. Nxb3 axb3 27. Bh6 Rfe8 28. h4 Rc4 29. Be3 Rec8 30. h5 Be8 31. hxg6 hxg6 32. Qd1 Nc2 33. Bxc2 bxc2 34. Qxc2 Rb4 35. Rcb1 Rb3 36. Nxd5 Rxc2 37. Nxb6 Bc6 38. Na4 Rxe3 39. fxe3 Rxg2+ 40. Kf1 Bh4 41. Nc3 Rf2+ 42. Kg1 Rg2+ 43. Kf1 Bf3 44. b4 Rh2 0-1

[Event "Rottach Egern Seniors Cup 11th"]
[Site "Rottach Egern"]
[Date "2023.04.15"]
[Round "1"]
[White "Unterkoffler, Thomas"]
[Black "Polster, Wolfgang"]
[Result "1/2-1/2"]
[WhiteElo "1855"]
[BlackElo "2228"]
[PlyCount "133"]
[EventDate "2023.04.15"]
[EventType "swiss"]
[EventRounds "9"]
[EventCountry "GER"]
[SourceTitle "EXT 2024"]
[Source "ChessBase"]
[SourceDate "2023.10.10"]
[SourceVersion "1"]
[SourceVersionDate "2023.10.10"]
[SourceQuality "1"]

1. d4 c6 2. c4 f5 3. Nc3 g6 4. g3 Bg7 5. Bg2 Nh6 6. Nf3 0-0 7. 0-0 d6 8. e4 Na6 9. e5 Nf7 10. Qe2 dxe5 11. dxe5 Nc5 12. Re1 Qd3 13. Bg5 Qxe2 14. Rxe2 Re8 15. Rd1 Be6 16. b3 Rad8 17. Rxd8 Nxd8 18. Be3 Nd7 19. Bxa7 Bf7 20. Na4 Ne6 21. Bb6 g5 22. Nd4 Nxb6 23. Nxe6 Nxa4 24. Nxg7 Kxg7 25. bxa4 Bxc4 26. Rc2 Be6 27. Rb2 Rd8 28. Bf3 g4 29. Be2 Rd5 30. Rxb7 Rxe5 31. Kf1 Bxa2 32. f4 gxf3 33. Bxf3 Bd5 34. Bxd5 cxd5 35. a5 Kf7 36. Rb5 Re4 37. Rxd5 Kf6 38. h4 Ra4 39. Rb5 Ra2 40. Rb6+ Ke5 41. Rh6 Ke4 42. Rxh7 Kf3 43. Rxe7 Ra1+ 44. Re1 Rxa5 45. h5 Kxg3 46. Re3+ Kf4 47. Re6 Kf3 48. Re1 f4 49. Rb1 Kg3 50. h6 Rh5 51. Rb6 Rh1+ 52. Ke2 f3+ 53. Ke3 Re1+ 54. Kd2 Re7 55. Rg6+ Kf2 56. Rg7 Re6 57. h7 Rd6+ 58. Kc2 Rh6 59. Kd2 Kf1 60. Ke3 f2 61. Rf7 Re6+ 62. Kd2 Re2+ 63. Kd1 Re8 64. Rg7 Rd8+ 65. Kc2 Ke2 66. Re7+ Kf3 67. Rf7+ 1/2-1/2

[Event "EU-chT Seniors 50"]
[Site "Dresden"]
[Date "2022.11.03"]
[Round "8.4"]
[White "Polster, Wolfgang"]
[Black "Motuz, Karol"]
[Result "0-1"]
[WhiteElo "2252"]
[BlackElo "2307"]
[PlyCount "66"]
[EventDate "2022.10.27"]
[EventType "team-swiss"]
[EventRounds "9"]
[EventCountry "GER"]
[SourceTitle "EXT 2024"]
[Source "ChessBase"]
[SourceDate "2023.10.10"]
[SourceVersion "1"]
[SourceVersionDate "2023.10.10"]
[SourceQuality "1"]
[WhiteTeam "Germany 50"]
[BlackTeam "Slovakia 50"]
[WhiteTeamCountry "GER"]
[BlackTeamCountry "SVK"]

1. Nf3 Nf6 2. b3 g6 3. Bb2 Bg7 4. g3 0-0 5. Bg2 d6 6. 0-0 e5 7. d3 Nc6 8. c4 Bd7 9. c5 Re8 10. cxd6 cxd6 11. Nbd2 d5 12. a3 e4 13. dxe4 dxe4 14. Nd4 Nxd4 15. Bxd4 Bg4 16. Nxe4 Nxe4 17. Bxg7 Kxg7 18. Bxe4 Rxe4 19. Qxd8 Rxd8 20. f3 Rxe2 21. fxg4 Rdd2 22. Rf3 Rg2+ 23. Kh1 Rxh2+ 24. Kg1 Rdg2+ 25. Kf1 Rc2 26. Kg1 a5 27. a4 b6 28. Rd1 Rcg2+ 29. Kf1 Rd2 30. Kg1 Rhg2+ 31. Kf1 Rxg3 32. Rxg3 Rxd1+ 33. Ke2 Rd4 0-1

[Event "EU-chT Seniors 50"]
[Site "Dresden"]
[Date "2022.10.31"]
[Round "5.3"]
[White "Volkmer, Andreas"]
[Black "Polster, Wolfgang"]
[Result "0-1"]
[WhiteElo "2175"]
[BlackElo "2252"]
[PlyCount "144"]
[EventDate "2022.10.27"]
[EventType "team-swiss"]
[EventRounds "9"]
[EventCountry "GER"]
[SourceTitle "EXT 2024"]
[Source "ChessBase"]
[SourceDate "2023.10.10"]
[SourceVersion "1"]
[SourceVersionDate "2023.10.10"]
[SourceQuality "1"]
[WhiteTeam "Berlin 50 II"]
[BlackTeam "Germany 50"]
[WhiteTeamCountry "GER"]
[BlackTeamCountry "GER"]

1. e4 Nf6 2. e5 Nd5 3. Nf3 d6 4. Nc3 Nxc3 5. bxc3 Nc6 6. d4 e6 7. Bf4 Be7 8. Bd3 Bd7 9. Qe2 d5 10. c4 Nb4 11. cxd5 Nxd3+ 12. Qxd3 exd5 13. 0-0 a6 14. Rfe1 0-0 15. Nd2 Be6 16. Rab1 b6 17. Rbd1 Qd7 18. Qg3 Rfe8 19. c4 c6 20. c5 bxc5 21. dxc5 Bf5 22. Rc1 Bf8 23. Nb3 Re6 24. Nd4 Rg6 25. Qa3 h5 26. Nf3 Be7 27. Kh1 Be4 28. Bg3 Qf5 29. Nd4 Qd7 30. f3 Bf5 31. Re2 Bg5 32. Rce1 h4 33. Bf2 Be7 34. Be3 Qc8 35. Bf4 Bf8 36. Rc1 Be6 37. Qa4 Bf5 38. Rb2 Bd3 39. Rb6 Bb5 40. Qc2 Bc4 41. e6 Rxe6 42. Nxe6 Qxe6 43. Qf2 Re8 44. h3 Qf6 45. Be3 Bb5 46. a4 Bxa4 47. Rxa6 Bb5 48. Raa1 g6 49. Bd4 Qf4 50. Re1 Rd8 51. Be5 Qb4 52. Rac1 Ra8 53. f4 Be7 54. f5 Bd3 55. Qe3 Bxf5 56. Bc3 d4 57. Qxd4 Qxd4 58. Bxd4 Bg5 59. Ra1 Rd8 60. Be5 Be6 61. Bd6 Bf6 62. Ra4 Bd5 63. Kh2 g5 64. Ra7 Kh7 65. Rf1 Kg6 66. Be7 Be5+ 67. Kh1 Re8 68. Rd1 Kf5 69. Bd6 Bf6 70. Rf1+ Kg6 71. Rf2 Bd4 72. Rd2 Re1+ 0-1

[Event "GER-ch Seniors 65 34th"]
[Site "Magdeburg"]
[Date "2022.08.18"]
[Round "7"]
[White "Waagener, Ulrich"]
[Black "Polster, Wolfgang"]
[Result "0-1"]
[WhiteElo "2114"]
[BlackElo "2237"]
[PlyCount "44"]
[EventDate "2022.08.12"]
[EventType "swiss"]
[EventRounds "9"]
[EventCountry "GER"]
[SourceTitle "CBM 209 Extra"]
[Source "ChessBase"]
[SourceDate "2022.09.30"]
[SourceVersion "1"]
[SourceVersionDate "2022.09.30"]
[SourceQuality "1"]

1. e4 Nf6 2. Nc3 e5 3. Bc4 Bb4 4. f4 d6 5. d3 Nc6 6. Nf3 0-0 7. a3 Bxc3+ 8. bxc3 exf4 9. Bxf4 d5 10. exd5 Re8+ 11. Kd2 Nxd5 12. Bxd5 Qxd5 13. Bxc7 Bg4 14. h3 Rac8 15. Bh2 Bh5 16. g4 Bg6 17. a4 Na5 18. Kc1 Rxc3 19. Re1 Rec8 20. Kb1 Bxd3 21. Ra2 Rxc2 22. Rxc2 Qb3+ 0-1

[Event "WchT Seniors 50"]
[Site "Prague"]
[Date "2020.03.08"]
[Round "3.7"]
[White "Koehler, Gerhard"]
[Black "Polster, Wolfgang"]
[Result "1-0"]
[WhiteElo "2204"]
[BlackElo "2201"]
[PlyCount "89"]
[EventDate "2020.03.06"]
[EventType "team-swiss"]
[EventRounds "7"]
[EventCountry "CZE"]
[SourceTitle "CBM 195 Extra"]
[Source "ChessBase"]
[SourceDate "2020.05.31"]
[SourceVersion "1"]
[SourceVersionDate "2020.05.31"]
[SourceQuality "1"]
[WhiteTeam "Germany 50"]
[BlackTeam "Germany 50 II"]
[WhiteTeamCountry "GER"]
[BlackTeamCountry "GER"]

1. c4 f5 2. Nc3 g6 3. g3 Bg7 4. Bg2 e5 5. e3 Nc6 6. d3 Nh6 7. Nge2 0-0 8. 0-0 d6 9. Rb1 Be6 10. Nd5 Kh8 11. b4 a6 12. Qc2 Rc8 13. Bd2 Nb8 14. b5 axb5 15. cxb5 c6 16. bxc6 bxc6 17. Nb6 Rc7 18. a4 Qg5 19. d4 Qh5 20. Bb4 c5 21. d5 Bg8 22. Bc3 g5 23. f3 Nd7 24. Nxd7 Rxd7 25. e4 fxe4 26. Qxe4 Qe8 27. Bd2 Bf7 28. Qc4 Bg6 29. Rb6 Qd8 30. a5 Nf5 31. Bh3 Rdf7 32. Qa6 e4 33. f4 Nd4 34. Be3 Nxe2+ 35. Qxe2 gxf4 36. Bxf4 Bd4+ 37. Kh1 Rf6 38. Bg2 Qa8 39. Rxd6 Rxd6 40. Bxd6 Rxf1+ 41. Qxf1 Qxd5 42. Qf8+ Qg8 43. Qe7 Qd5 44. a6 c4 45. a7 1-0

[Event "Baden Wuerttemberg-ch Seniors 50+ op"]
[Site "Freudenstadt"]
[Date "2019.07.08"]
[Round "4"]
[White "Polster, Wolfgang"]
[Black "Mueller, Thomas2222"]
[Result "1/2-1/2"]
[WhiteElo "2202"]
[BlackElo "2027"]
[PlyCount "130"]
[EventDate "2019.07.05"]
[EventType "swiss"]
[EventRounds "9"]
[EventCountry "GER"]
[SourceTitle "EXT 2020"]
[Source "ChessBase"]
[SourceDate "2019.10.17"]
[SourceVersion "1"]
[SourceVersionDate "2019.10.17"]
[SourceQuality "1"]

1. e4 e6 2. d4 d5 3. Nd2 a6 4. Ngf3 c5 5. c3 Nc6 6. Bd3 cxd4 7. cxd4 dxe4 8. Nxe4 Be7 9. 0-0 Nf6 10. a3 0-0 11. Be3 Nxe4 12. Bxe4 Bd7 13. Rc1 Qa5 14. Rc3 Rac8 15. Qb1 Qh5 16. Rfc1 f5 17. Bc2 g5 18. h3 g4 19. hxg4 fxg4 20. Nh2 Bd6 21. Nf1 Ne7 22. Rxc8 Bxc8 23. Bb3 Nd5 24. Qe4 Bd7 25. g3 Qf5 26. Bc2 Qxe4 27. Bxe4 Kg7 28. Bd2 Rc8 29. Rxc8 Bxc8 30. Ne3 Nxe3 31. Bxe3 b5 32. Bd2 Be7 33. Kf1 Bf6 34. Bc3 a5 35. Bxa5 Bxd4 36. Bc3 Bxc3 37. bxc3 Bd7 38. Ke2 h6 39. Kd3 e5 40. c4 Kf6 41. Kc3 bxc4 42. Kxc4 h5 43. Kd5 Ba4 44. Kd6 Bd1 45. Kc5 Kg5 46. Kd5 Kf6 47. Kd6 Bb3 48. Kc5 Bd1 49. Kc4 Kg5 50. Bg2 Kf5 51. Kd3 Ba4 52. Ke3 Kg5 53. Bf1 Bc6 54. Bd3 h4 55. gxh4+ Kxh4 56. Be4 Ba4 57. Bd5 Kg5 58. Be6 Kh4 59. Ke4 g3 60. fxg3+ Kxg3 61. Kxe5 Kf3 62. Kd4 Kf4 63. Bd5 Kf5 64. Bc4 Bd1 65. Kc3 Ke5 1/2-1/2

[Event "WchT Seniors 50"]
[Site "Dresden"]
[Date "2018.07.08"]
[Round "2.5"]
[White "Polster, Wolfgang"]
[Black "Mai, Iris"]
[Result "1-0"]
[WhiteElo "2203"]
[BlackElo "2038"]
[PlyCount "61"]
[EventDate "2018.07.07"]
[EventType "team-swiss"]
[EventRounds "9"]
[EventCountry "GER"]
[SourceTitle "CBM 185 Extra"]
[Source "ChessBase"]
[SourceDate "2018.07.29"]
[SourceVersion "1"]
[SourceVersionDate "2018.07.29"]
[SourceQuality "1"]
[WhiteTeam "Germany II"]
[BlackTeam "Germany (Women)"]
[WhiteTeamCountry "GER"]
[BlackTeamCountry "GER"]

1. e4 c5 2. Nc3 e6 3. Nf3 a6 4. Be2 b5 5. d3 d6 6. 0-0 Bb7 7. Re1 Nd7 8. Bf4 e5 9. Bg3 b4 10. Nb1 h5 11. h4 Be7 12. Nbd2 Nf8 13. c3 bxc3 14. Qa4+ Qd7 15. Qxd7+ Nxd7 16. bxc3 Ngf6 17. Nc4 Ra7 18. Bd1 0-0 19. Ba4 Rc8 20. Rab1 Bc6 21. Bxc6 Rxc6 22. Rb3 Kh7 23. Reb1 Kg6 24. Bxe5 Ng4 25. Bf4 f6 26. Rb7 Rc7 27. Rxc7 Rxc7 28. Nxd6 Nde5 29. Nc4 Rd7 30. Bxe5 Rxd3 31. Ne1 1-0

[Event "Oberliga Sued W 1617"]
[Site "Germany"]
[Date "2016.09.25"]
[Round "1.8"]
[White "Kuehner, Christian"]
[Black "Polster, Wolfgang"]
[Result "1-0"]
[WhiteElo "2083"]
[BlackElo "2221"]
[PlyCount "47"]
[EventDate "2016.09.25"]
[EventType "team-tourn"]
[EventRounds "9"]
[EventCountry "GER"]
[SourceTitle "EXT 2018"]
[Source "ChessBase"]
[SourceDate "2017.10.13"]
[SourceVersion "1"]
[SourceVersionDate "2017.10.13"]
[SourceQuality "1"]
[WhiteTeam "Schott Mainz"]
[BlackTeam "Koblenz"]
[WhiteTeamCountry "GER"]
[BlackTeamCountry "GER"]

1. c4 f5 2. g4 fxg4 3. e4 d6 4. Nc3 c5 5. d3 Nc6 6. Be3 g6 7. h3 Nf6 8. Nd5 Bg7 9. Qd2 Nxd5 10. cxd5 Ne5 11. d4 cxd4 12. Bxd4 0-0 13. hxg4 Nxg4 14. Bxg7 Rxf2 15. Qd4 Rf7 16. Bh6 Nxh6 17. Rxh6 Qf8 18. Rxg6+ hxg6 19. Be2 Qh6 20. a4 Bg4 21. Bxg4 Qh4+ 22. Kd2 Qxg4 23. Ne2 Qf4+ 24. Nxf4 1-0

[Event "Oberliga Sued W 1516"]
[Site "Germany"]
[Date "2016.01.31"]
[Round "6.8"]
[White "Polster, Wolfgang"]
[Black "Vohmann, Wolfgang"]
[Result "1-0"]
[WhiteElo "2221"]
[BlackElo "1897"]
[PlyCount "131"]
[EventDate "2015.09.20"]
[EventType "team-tourn"]
[EventRounds "9"]
[EventCountry "GER"]
[SourceTitle "EXT 2017"]
[Source "ChessBase"]
[SourceDate "2016.10.25"]
[SourceVersion "1"]
[SourceVersionDate "2016.10.25"]
[SourceQuality "1"]
[WhiteTeam "Koblenz"]
[BlackTeam "Worms"]
[WhiteTeamCountry "GER"]
[BlackTeamCountry "GER"]

1. e4 b6 2. d4 Bb7 3. Bd3 e6 4. Nf3 Nf6 5. Qe2 d5 6. e5 Nfd7 7. 0-0 c5 8. c3 Nc6 9. a3 Be7 10. b4 0-0 11. Nbd2 Bg5 12. Nxg5 Qxg5 13. f4 Qe7 14. Nf3 f5 15. Be3 c4 16. Bc2 Nd8 17. h3 g6 18. Bf2 Bc6 19. Bh4 Qe8 20. a4 a5 21. Rfb1 h6 22. Kh1 Rf7 23. Qd2 Nf8 24. bxa5 bxa5 25. Rb6 Rb7 26. Bxd8 Rxd8 27. Rxb7 Bxb7 28. Qc1 Bc6 29. Qa3 Rb8 30. Ra2 Kf7 31. Qc5 Ra8 32. Rb2 Ra6 33. Qd6 Qd7 34. Rb8 Qxd6 35. exd6 Nd7 36. Ne5+ Nxe5 37. dxe5 Ra8 38. Rb6 Bd7 39. Rb7 Ke8 40. Kg1 Kd8 41. Kf2 Kc8 42. Rc7+ Kd8 43. Ke1 h5 44. g3 Ra6 45. Kd2 Ra8 46. Ke3 Ra6 47. Rb7 Kc8 48. Rb1 Ra8 49. g4 hxg4 50. hxg4 Rb8 51. Rxb8+ Kxb8 52. Kf3 Kb7 53. Kg3 Kc6 54. Kh4 d4 55. gxf5 gxf5 56. cxd4 Kd5 57. Kg5 Kxd4 58. Kf6 Kd5 59. Ke7 Kc6 60. Bxf5 exf5 61. e6 Bxe6 62. Kxe6 c3 63. d7 Kc5 64. d8Q Kb4 65. Qb6+ Ka3 66. Qxa5 1-0

[Event "Feffernitz Raika op 23rd"]
[Site "Feffernitz"]
[Date "2014.08.23"]
[Round "9"]
[White "Polster, Wolfgang"]
[Black "Natter, Markus"]
[Result "1-0"]
[WhiteElo "2268"]
[BlackElo "2074"]
[PlyCount "105"]
[EventDate "2014.08.16"]
[EventType "swiss"]
[EventRounds "9"]
[EventCountry "AUT"]
[SourceTitle "CBM 161 Extra"]
[Source "ChessBase"]
[SourceDate "2014.08.29"]
[SourceVersion "1"]
[SourceVersionDate "2014.08.29"]
[SourceQuality "1"]

1. e4 c5 2. Nc3 Nc6 3. Bb5 Nd4 4. Bc4 e6 5. Nf3 Ne7 6. Nxd4 cxd4 7. Ne2 Nc6 8. d3 Be7 9. 0-0 0-0 10. Bd2 f5 11. Kh1 b6 12. f4 Kh8 13. a3 a5 14. Be1 d5 15. exd5 exd5 16. Ba2 Ba6 17. Ng1 Qd6 18. Qf3 Rad8 19. Bf2 Bf6 20. Rfe1 g6 21. Re2 Rf7 22. Rae1 Re7 23. g3 Kg7 24. h4 Bc8 25. Bb3 b5 26. a4 Rxe2 27. Nxe2 b4 28. h5 Be6 29. Kg2 Bf7 30. g4 fxg4 31. Qxg4 Qd7 32. Qg3 Rg8 33. Rh1 Kh8 34. h6 g5 35. f5 g4 36. Qf4 Be5 37. Bxd4 Qe7 38. Bxe5+ Nxe5 39. Qd4 Qd6 40. Ng3 Re8 41. Qf4 Qf6 42. Re1 Re7 43. Re2 Ng6 44. Qb8+ Be8 45. Rxe7 Nh4+ 46. Kf2 Qxe7 47. Bxd5 Qc5+ 48. Kf1 Qe3 49. Qc7 Qc1+ 50. Ke2 Qxb2 51. Bb3 Qf6 52. Ne4 Qxh6 53. Qe5+ 1-0

[Event "Feffernitz Raika op 23rd"]
[Site "Feffernitz"]
[Date "2014.08.19"]
[Round "5"]
[White "Polster, Wolfgang"]
[Black "Meulner, Fabian"]
[Result "1-0"]
[WhiteElo "2268"]
[BlackElo "1914"]
[PlyCount "29"]
[EventDate "2014.08.16"]
[EventType "swiss"]
[EventRounds "9"]
[EventCountry "AUT"]
[SourceTitle "CBM 161 Extra"]
[Source "ChessBase"]
[SourceDate "2014.08.29"]
[SourceVersion "1"]
[SourceVersionDate "2014.08.29"]
[SourceQuality "1"]

1. e4 d6 2. d4 Nf6 3. Nc3 e5 4. Nf3 Nbd7 5. g4 Nxg4 6. Rg1 exd4 7. Nxd4 Nde5 8. h3 Nf6 9. Be3 d5 10. exd5 Nxd5 11. Qh5 Nxc3 12. Qxe5+ Qe7 13. Qxe7+ Bxe7 14. bxc3 Bf6 15. Bg5 1-0

[Event "Feffernitz Raika op 23rd"]
[Site "Feffernitz"]
[Date "2014.08.18"]
[Round "4"]
[White "Langwieser, Alexander"]
[Black "Polster, Wolfgang"]
[Result "1-0"]
[WhiteElo "2109"]
[BlackElo "2268"]
[PlyCount "35"]
[EventDate "2014.08.16"]
[EventType "swiss"]
[EventRounds "9"]
[EventCountry "AUT"]
[SourceTitle "CBM 161 Extra"]
[Source "ChessBase"]
[SourceDate "2014.08.29"]
[SourceVersion "1"]
[SourceVersionDate "2014.08.29"]
[SourceQuality "1"]

1. e4 e6 2. d4 d5 3. e5 Qd7 4. Nf3 b6 5. c4 dxc4 6. Bxc4 Ba6 7. Bxa6 Nxa6 8. 0-0 Rd8 9. Nc3 Ne7 10. a3 Nb8 11. Qc2 Nbc6 12. Be3 Nf5 13. Rac1 Nce7 14. g4 Qc6 15. Qe2 Nxe3 16. fxe3 Rd7 17. Nb5 Qb7 18. Rxc7 1-0

[Event "Bayern-chI Bank Hofmann 17th"]
[Site "Bad Wiessee"]
[Date "2013.10.27"]
[Round "3"]
[White "Delchev, Aleksander"]
[Black "Polster, Wolfgang"]
[Result "1-0"]
[WhiteElo "2643"]
[BlackElo "2280"]
[PlyCount "31"]
[EventDate "2013.10.26"]
[EventType "swiss"]
[EventRounds "9"]
[EventCountry "GER"]
[SourceTitle "EXT 2014"]
[Source "ChessBase"]
[SourceDate "2013.11.20"]
[SourceVersion "1"]
[SourceVersionDate "2013.11.20"]
[SourceQuality "1"]

1. d4 f5 2. Nc3 g6 3. h4 Bg7 4. h5 Nh6 5. e4 fxe4 6. Bc4 d6 7. Bxh6 Bxh6 8. Qe2 c6 9. hxg6 hxg6 10. Qe3 Qb6 11. Rxh6 Rxh6 12. Qxh6 Qxb2 13. Qh8+ Kd7 14. Be6+ Kxe6 15. Nd1 Qxa1 16. d5+ 1-0

[Event "Bayern-chI Bank Hofmann 17th"]
[Site "Bad Wiessee"]
[Date "2013.10.26"]
[Round "1"]
[White "Roth, Patrick"]
[Black "Polster, Wolfgang"]
[Result "0-1"]
[WhiteElo "2004"]
[BlackElo "2280"]
[PlyCount "40"]
[EventDate "2013.10.26"]
[EventType "swiss"]
[EventRounds "9"]
[EventCountry "GER"]
[SourceTitle "EXT 2014"]
[Source "ChessBase"]
[SourceDate "2013.11.20"]
[SourceVersion "1"]
[SourceVersionDate "2013.11.20"]
[SourceQuality "1"]

1. e4 e6 2. d4 d5 3. exd5 exd5 4. Bd3 Nc6 5. c3 Bd6 6. Nf3 Nge7 7. Qc2 Bg4 8. Bg5 Bxf3 9. gxf3 Qd7 10. h4 Qe6+ 11. Kf1 h6 12. Bd2 Qf6 13. f4 Ng6 14. h5 Nh4 15. f5 Ne7 16. Rh3 0-0 17. Na3 c6 18. f4 Nexf5 19. Kf2 Ne7 20. Kg3 Qg5+ 0-1

[Event "Oberliga Sued W 1112"]
[Site "Germany"]
[Date "2012.02.05"]
[Round "6"]
[White "Polster, Wolfgang"]
[Black "Haag, Guenter"]
[Result "1/2-1/2"]
[WhiteElo "2267"]
[BlackElo "2060"]
[PlyCount "126"]
[EventDate "2011.09.25"]
[EventType "team-tourn"]
[EventRounds "9"]
[EventCountry "GER"]
[SourceTitle "EXT 2013"]
[Source "ChessBase"]
[SourceDate "2012.11.22"]
[SourceVersion "1"]
[SourceVersionDate "2012.11.22"]
[SourceQuality "1"]
[WhiteTeam "Koblenz"]
[BlackTeam "Mutterstadt"]
[WhiteTeamCountry "GER"]
[BlackTeamCountry "GER"]

1. e4 c5 2. Nc3 e6 3. Nge2 d5 4. exd5 exd5 5. d4 Nf6 6. g3 Nc6 7. Bg2 cxd4 8. Nxd4 Be7 9. 0-0 Bg4 10. f3 Bd7 11. Be3 0-0 12. Bf2 Rc8 13. Nde2 Be6 14. Re1 Bd6 15. Nb5 Bb8 16. Ned4 a6 17. Nc3 Ba7 18. Nce2 Bd7 19. c3 Re8 20. Qd2 Ne5 21. Rad1 Qb6 22. Qc1 Bb5 23. Nf4 Ng6 24. Nh3 Qa5 25. a3 Bd7 26. Nf4 Ba4 27. Rd3 Bb5 28. Rxe8+ Rxe8 29. Re3 Rc8 30. Re1 Bd7 31. Nxg6 hxg6 32. Qd2 Qc7 33. Nc2 Bxf2+ 34. Qxf2 Re8 35. Rxe8+ Bxe8 36. Nd4 Bc6 37. Bf1 Nd7 38. Qe3 Nb6 39. b3 a5 40. a4 Bd7 41. Kf2 Qd6 42. Nc2 Nc8 43. Qd4 Be6 44. Bd3 Bf5 45. Bxf5 gxf5 46. Ne3 Ne7 47. Nc4 Qh6 48. Nxa5 Qxh2+ 49. Ke3 Qxg3 50. Nxb7 Qe1+ 51. Kd3 Qd1+ 52. Ke3 Qxb3 53. Nc5 Qa3 54. Nd3 g5 55. Qc5 f4+ 56. Kd2 Qa2+ 57. Kc1 Qe2 58. Nb4 g4 59. fxg4 f3 60. Nxd5 Nxd5 61. Qxd5 Qe3+ 62. Qd2 Qg1+ 63. Kc2 f2 1/2-1/2